000 00461nam a2200169Ia 4500
008 100412t2007 xxu||||| |||| 00| 0 sin d
041 _asin
080 _aX8S31
_bSEN
100 _aSenevirathna, Jayakody
245 _aහිතුවක්කාරී
246 _aHithuvakkarei ( LIB / 63 / 6 / 26 )
260 _bDayawansa Jayakody
_aColombo
_c2007
300 _a224p., 21 cm
942 _cBK
999 _c72954
_d72954
003 LK-CoDNM
040 _aLK-CoDNM
_dLK-CoDNM
_eLK-CoDNM